| 000 | 00906cam a22002414a 4500 | ||
|---|---|---|---|
| 999 |
_c7749 _d7749 |
||
| 003 | OSt | ||
| 005 | 20200518142905.0 | ||
| 008 | 110808s2012 njua b 001 0 eng | ||
| 010 | _a 2011033592 | ||
| 016 | 7 |
_a015986129 _2Uk |
|
| 020 | _a9780470900093 (pbk.) | ||
| 082 | 0 | 0 |
_a720.28VEN _223 |
| 100 | 1 | _aVenhaus, Heather. | |
| 245 | 1 | 0 |
_aDesigning the sustainable site : _bintegrated design strategies for small-scale sites and residential landscapes / _cHeather Venhaus. |
| 246 | 3 | 0 | _aIntegrated design strategies for small-scale sites and residential landscapes |
| 260 |
_aHoboken, N.J. : _bJohn Wiley & Sons, _cc2012. |
||
| 300 |
_axi, 235 p. : _bcol. ill. ; _c28 cm. |
||
| 504 | _aIncludes bibliographical references and index. | ||
| 650 | 0 |
_aHomesites _xPlanning _vCase studies. |
|
| 650 | 0 |
_aSustainable design _vCase studies. |
|
| 650 | 0 |
_aEcological landscape design _vCase studies. |
|
| 942 | _2ddc | ||